Iniciación a la abogacía /

Contiene: Introducción a la vida judicial; Breve historia de la Orden de los Abogados; Disciplinas; El alegato a través de los siglos; El alegato previo a la audiencia; El alegato; Independencia.

保存先:
書誌詳細
第一著者: Moliérac, J. (autor)
その他の著者: Macedo, Pablo (traducción) (traducción)
フォーマット: 図書
言語:スペイン語
出版事項: México : Porrúa, 1990, c1974
版:3a edición
主題:
タグ: タグ追加
タグなし, このレコードへの初めてのタグを付けませんか!

MARC

LEADER 00000nam^a2200000^a^4500
001 000033943
005 20250521000000.0
009 20260310085218.344
020 |a 968-432-675-0 
037 |a Acervo ITESO - Biblioteca 
041 |a ESP 
082 |a 340. 023  |b MOL 
100 |a Moliérac, J.  |e (autor) 
245 1 0 |a Iniciación a la abogacía /  |c J. Moliérac ; tr. por P. Macedo. 
250 |a 3a edición 
264 4 |a México :  |b Porrúa,  |c 1990, c1974 
300 |a 235 p. 
336 |a texto  |b txt  |2 rdacontenido 
337 |a sin mediación  |b n  |2 rdamedio 
338 |a volumen  |b nc  |2 rdasoporte 
500 |a Traducción de: Initiation au barreau 
520 |a Contiene: Introducción a la vida judicial; Breve historia de la Orden de los Abogados; Disciplinas; El alegato a través de los siglos; El alegato previo a la audiencia; El alegato; Independencia. 
649 |a XX 
650 |a Abogados -  |x Condiciones Laborales 
650 |a Abogados -  |x Historia 
650 |a Profesiones 
650 |a Acciones y Defensas 
650 |a Derecho -  |x Prácticas Profesionales 
700 |a Macedo, Pablo  |e (traducción) 
910 |a Fondo General 
920 |a Impresos - Libros 
930 |a Colección General 
905 |a 101 
901 |a 0339430100  |b IT1  |c ACC  |i 033943  |u 20250521 
902 |a https://opac.biblio.iteso.mx/vufind/Record/000033943